Quick Pick: 'Thor' Characters Quiz Stats

 Plays Quiz Updated Nov 24, 2017

Score 0/15 Timer 01:30
0 Plays Today
% Correct
Thor
92.8%
Loki
92.5%
Odin
90.7%
Jane Foster
84.9%
Heimdall
82.8%
Erik Selvig
82.3%
Frigga
78.7%
Sif
74.7%
% Correct
Darcy Lewis
69.7%
Volstagg
67.8%
Phil Coulson
67.3%
Fandral
65.1%
Clint Barton|Hawkeye
64.7%
Hogun
57.7%
Laufey
56.2%

Today's Daily Dose

You're not logged in!

Compare scores with friends on all Sporcle quizzes.
OR
Log In

You Might Also Like...

Show Comments

Extras

Top Quizzes Today


Score Distribution

Your Account Isn't Verified!

In order to create a playlist on Sporcle, you need to verify the email address you used during registration. Go to your Sporcle Settings to finish the process.

Report this User

Report this user for behavior that violates our Community Guidelines.

Details: